00743nam a2200241 a 4500001001300000003000900013005001700022008004100039020000800080082001700088100003100105245004100136260003800177300001000215500003500225505005800260650001500318700003100333902000800364942000700372952010700379999001500486nice12345678IN_TiNIC20260116011424.0050524s1959 laha grp 000 0 eng  ac000a297.86bAHM4 aAhmad, Hazrat Mirza Ghulam aPhilosophy of the Teachings of Islam aLahorebPub Corporation Ltdc1959 a199p. aincludes index and biblioraphy2 athe oriental and religious publishing corporation ltd aAhmadiyyah1 aAhmad, Hazrat Mirza Ghulam bSRS cBK 00104070aHMIbHMId2005-05-24g0.00l1o297.86 AHM4p03160r2017-09-06s2017-08-30w2026-01-16yEB c1389d1389